01576nas a2200241Ia 4500001001100000003001000011008004100021040002500062041001300087100002600100210003500126222003500161245009100196250001100287260009100298300001100389310001500400362003600415500037300451501011400824520037300938650002301311R050-S3055IT-CnALBA170116c99999999xx |||||||||||| ||und|| aIT-CnALBAcIT-CnALBA aITALIANO aFALSINI RINALDO, OFM. aRIVISTA DI PASTORALE LITURGICA aRIVISTA DI PASTORALE LITURGICA 0aRIVISTA DI PASTORALE LITURGICA. MAGGIO 1974. ORGANO CAL. COMUNIONE FUROI DELLA MESSA.  a1a ed. a BRESCIAbQUERINIANA EDIT. LIBR. VESC. c1974 [1° Ed.:1974 - Ed.Ling.Originale: 1974] a69 p.  aBIMESTRALE aFascicolo: 64 / Anno: 11 (1974) aLODI E. MARENGO A. ARDUSSO PR. GANDELLI M. RAINOLDO F. ORDINAMENTO CULTO MARIANO. NUOVO RITO E MINISTRO COMUNIONE FUORI MESSA. COMUNIONE E PARTECIPAZIONE LA SACRIFICIO. COMUNIONE INFERMI. IL PRESIDENTE DELLA CELEBRAZIONE. DIRETTORIO MESSE FANCIULLI. AVVICINAMENTO FANCIULLI ALL'EUCARISTIA. CANTO E MUSICA NELLA MESSA DEI FANCIULLI. RECENSIONI. LETTERE ALLA DIREZIONE.  aSocietà San Paolo EM - Piazza San Paolo, 14 - 12051 ALBA (CN) (non commercial uses only) ® Copyright 2017 aLODI E. MARENGO A. ARDUSSO PR. GANDELLI M. RAINOLDO F. ORDINAMENTO CULTO MARIANO. NUOVO RITO E MINISTRO COMUNIONE FUORI MESSA. COMUNIONE E PARTECIPAZIONE LA SACRIFICIO. COMUNIONE INFERMI. IL PRESIDENTE DELLA CELEBRAZIONE. DIRETTORIO MESSE FANCIULLI. AVVICINAMENTO FANCIULLI ALL'EUCARISTIA. CANTO E MUSICA NELLA MESSA DEI FANCIULLI. RECENSIONI. LETTERE ALLA DIREZIONE.  aTEOLOGIA PASTORALE